000 01580cam a2200133 4500500
005 20260329023158.0
041 _afre
042 _adc
100 1 0 _aCurchod, Olivier
_eauthor
245 0 0 _aRenoir : Partie de campagne - La Grande Illusion
260 _bArmand Colin,
_c2012.
520 _aPourquoi Jean Renoir, La Grande Illusion, La Règle du jeu et Partie de campagne occupent-ils, au Panthéon du cinéma français, la première place ? Pourquoi Truffaut, Godard ou Rivette avaient-ils surnommé Renoir le « Patron » ? Et qu’est ce que la « méthode Renoir », un art classique porté à son plus haut point de perfection ou un signe avant-coureur de la « modernité » filmique ? C’est à ces questions, et à bien d’autres, que ce nouveau livre tente de répondre en prenant pour pièces à conviction deux chefs-d’œuvre réalisés au temps du Front populaire, Partie de campagne et La Grande Illusion, analysés ici à la loupe. Les plus jeunes, qui découvrent les films de Renoir au XXIe siècle dans de magnifiques versions restaurées, verront pourquoi ce cinéaste fut « peut-être le plus grand de tous » (Orson Welles). Ils trouveront aussi dans ce livre une méthode de recherche, à la croisée de plusieurs champs d’étude (historiques et esthétiques), leur révélant qui était Renoir au travail. Ils liront même un inédit, le tout premier synopsis de La Grande Illusion, présenté en postface par Martin O’Shaughnessy.
856 4 1 _uhttps://shs.cairn.info/renoir--9782200283056?lang=fr&redirect-ssocas=7080
999 _c1925266
_d1925266